000 01432nam a2200277 i 4500
003 DO-SdBNP
005 20260518162854.0
007 ta
008 260518e2022 dr ||||gr|||||||| ||spa d
020 _a9789945180633.
040 _aDO-SdBNP
_bspa
_cBNPHU
_erda
041 _aspa
082 _bH557P 2022
_222
100 _a Hernández Medina, Anibal
_980629
_eautor
_eeditor
245 _aPrietopunk :
_bantología de afrofuturismo caribeño /
_cAnibal Hernández Medina.
264 _aSanto Domingo, República Dominicana :
_b[Hernandez Medina, Anibal Enrique],
_c2022.
300 _a286 páginas ;
_c23 x 15 cm.
336 _atexto
_btxt
_2rdacontent
337 _asin mediación
_bn
_2rdamedia
338 _avolumen
_bnc
_2rdacarrier
520 _aLa antología 'Prietopunk' editada por Anibal Hernandez Medina explora el afrofuturismo caribeño, destacando la diversidad de voces y narrativas que emergen de la literatura antillana. A través de una selección de textos, se busca representar la riqueza cultural y las experiencias afrodescendientes en el Caribe, desafiando los cánones establecidos por la literatura occidental. El documento también enfatiza la importancia de la colaboración entre autores de diferentes naciones caribeñas para crear un espacio literario inclusivo y representativo.
590 _aInventariado, 2026/WG.
650 0 _aAntologías
_98656
900 _aWGuzmán
942 _2ddc
_cLBS1
999 _c60779
_d60779